| 000 | 01045nam a2200265 i 4500 | ||
|---|---|---|---|
| 001 | 169270 | ||
| 003 | ES-MaACL | ||
| 005 | 20230906214039.0 | ||
| 008 | 080827s2006 sp adf |||| | cat d | ||
| 020 | _a978-84-932587-8-8 | ||
| 080 | _a7.032(37:460.237 T.) | ||
| 080 | _a904(460.237 T.):7.032(37) | ||
| 245 | 0 | 0 |
_aColonia Iulia Urbs Triumphalis Tarraco / _cXavier Dupré Raventós, editor ; textos, Géza Alföldy ... [et al.]. |
| 260 |
_aTarragona : _bMuseu Nacional Arqueològic de Tarragona, _c2006. |
||
| 300 |
_aVII, 156 p., X p. de lám. col. : _bil., graf. ; _c24 cm. |
||
| 490 | 1 |
_aForum : temes d'història i d'arqueologia tarragonines ; _v12 |
|
| 504 | _aBibliografía. | ||
| 650 | 1 | 4 |
_aArte romano- _zTarragona. _9138365 |
| 651 | 4 |
_aTarragona- _xRestos arqueológicos romanos. _9138363 |
|
| 700 | 1 |
_aDupré i Raventós, Xavier. _9138360 |
|
| 700 | 1 |
_aAlföldy, Géza. _9184076 |
|
| 830 | 0 |
_aForum : temes d'història i d'arqueologia tarragonines ; _v12 _9188851 |
|
| 852 |
_aES-MaACL _jL-29719 |
||
| 999 |
_c169270 _d169270 |
||